Logo biblioteca
Santa Fe 2917, Rosario, Santa Fe
Lu-Vi 8 a 19.45
+54-341-4232362
bibliotecaeudoro@gmail.com
Facebook Biblioteca Pedagógica
Sitio web

El modelo didáctico del iceberg: la importancia de invertir en flotabilidad / (Registro nro. 32547)

Detalles MARC
000 -CABECERA
campo fijo de control de longitud 01486nab a2200277 4500
003 - IDENTIFICADOR DEL NÚMERO DE CONTROL
campo de control AR-RoBPED
005 - FECHA Y HORADE LA ULTIMA TRANSACCION
campo de control 20260410110844.0
008 - ELEMENTOS DE LONGITUD FIJA--INFORMACION GENERAL
campo fijo de control de longitud 260410b |||||||| |||| 00| 0 spa d
040 ## - FUENTE CATALOGADORA
Centro catalogador/agencia de origen AR-RoBPED
041 ## - IDIOMA
Código de idioma para texto/pista de sonido o título independiente spa
100 1# - ENCABEZAMIENTO PRINCIPAL--AUTOR PERSONAL
Nombre de persona Porta de Bressan, Ana María
9 (RLIN) 30738
Función Profesora de Matemática. Investigadora y autora de diseños curriculares de Matemática
245 13 - TITULO
Título El modelo didáctico del iceberg: la importancia de invertir en flotabilidad /
260 ## - PUBLICACION
Lugar Buenos Aires :
Editor Noveduc,
Fecha 2025
300 ## - DESCRIPCION FISICA
Extensión 18-23 p.
500 ## - NOTA GENERAL
Nota general En este artículo, las autoras describen cómo el "modelo del iceberg", desarrollado por el personal del Instituto Freudenthal para docentes de los Países Bajos, fue utilizado para la enseñanza de la multiplicación de un curso de futuros docentes en el Instituto de Formación Docente Continua (IFDC) de San Carlos de Bariloche.
650 #7 - TERMINO DE MATERIA--CONTROLADO
Término controlado FORMACION DE DOCENTES
9 (RLIN) 1259
Término controlado EJERCICIOS DE MATEMATICA
9 (RLIN) 14343
Término controlado ARITMETICA
9 (RLIN) 1615
Término controlado DIDACTICA
9 (RLIN) 167
Término controlado EXPERIENCIAS EDUCACIONALES
9 (RLIN) 18339
Término controlado MATEMATICAS
9 (RLIN) 454
700 1# - ENCABEZAMIENTO SECUNDARIO--AUTOR PERSONAL
Nombre de persona Pérez, Silvia G.
9 (RLIN) 30739
Función Profesora en Enseñanza Primaria y especialista docente de Nivel Superior en Enseñanza de la Matemática en Escuela Primaria
773 0# - DOCUMENTO FUENTE
Host Biblionumber 20414
Host Itemnumber 41869
Place, publisher, and date of publication Buenos Aires : Noveduc, 1993-
Título Novedades Educativas
Record control number (AR-RoBPED)20414
International Standard Serial Number 03283534
942 ## - ELEMENTOS KOHA
Fuente de clasificación Universal Decimal Classification
Koha tipo de ítem Revistas
Clasificación 37(05)
Signatura librística Nov 86 N° 401 (Abril.2025)
Número Koha k.32547
945 ## - PROCESAMIENTO DE LA INFORMACIÓN LOCAL
Catalogador y fecha mar 04/2026

No hay ítems disponibles.